000
00305nam a2200097Ia 4500
082
_a
MERM-PCRL-PEZL
245
0
_a
Barack Obama : United States President
100
_a
EDWARDS, Roberta New York, [c.2009] Updated and expanded ed
_9
32942
942
_c
BK
008
210817s9999 xx 000 0 und d
999
_c
159170
_d
159169